| 000 | 01024cab a2200277 4500 | ||
|---|---|---|---|
| 001 | ABS54537 | ||
| 008 | 090401t1996 xxu||||| |||| 00| 0 eng d | ||
| 035 | _a(Sirsi) u11020 | ||
| 041 | _aeng | ||
| 100 | _aKeeping, M. | ||
| 245 | 4 | _aThe construction and marketing of environmentally responsible commercial property | |
| 260 | _c1996 | ||
| 350 | _a0 | ||
| 490 |
_aProperty Review _v6(1) February 1996, 13-17(5) |
||
| 520 | _aConsiders whether there is a demand for `green` properties and establishes the effects of life-cycle of buildings on the environment, how these can be measured and how they can be reduced. Attention is drawn to the marketing advantages of greener buildings. | ||
| 650 | _aBUILT ENVIRONMENT-BUILDING MATERIALS | ||
| 650 | _aECO-LABELLING | ||
| 650 | _aENVIRONMENTAL EFFCTS | ||
| 650 | _aENVIRONMENTAL PERFORMANCE | ||
| 650 | _aGREEN BUILDINGS | ||
| 650 | _aLIFE CYCLES | ||
| 690 | _aENVIRONMENTAL AND LAND CONSULTANCY | ||
| 700 | _aShiers, D. | ||
| 942 | _n0 | ||
| 948 | _c04/03/1997 | ||
| 999 |
_c7025 _d7025 |
||